| 000 | 00375nam a22001697a 4500 | ||
|---|---|---|---|
| 003 | OSt | ||
| 008 | 250421b |||||||| |||| 00| 0 eng d | ||
| 020 | _a9789355513199 | ||
| 082 | _a006.31 NAT | ||
| 100 | _aNAIK,Swapnali Joshi | ||
| 245 | _aThink AI | ||
| 250 | _aRep 1st Ed | ||
| 260 |
_aNew Delhi _bBPB _c2024 |
||
| 300 | _a256 | ||
| 650 | _aThink AI | ||
| 942 |
_2ddc _cBK |
||
| 999 |
_c13374 _d13374 |
||